000 00260nam a22001217a 4500
008 170718b xxu||||| |||| 00| 0 eng d
041 _aeng
080 _a2
100 _a24
101 _aTEO
245 _aDICTIONARY OF RELIGION
_cCOLLINS, H
942 _2udc
_cBK
999 _c21419
_d21419